| 000 | 00993nam a2200265Ia 4500 | ||
|---|---|---|---|
| 003 | OSt | ||
| 005 | 20221005111740.0 | ||
| 006 | a|||||r|||| 00| 0 | ||
| 007 | ta | ||
| 008 | 221004b |||||||| |||| 00| 0 hin d | ||
| 024 | _a113540 | ||
| 037 | _cTextual | ||
| 040 |
_aCRL _cCRL _bhin |
||
| 041 |
_2hin _ahin |
||
| 082 | _aY1:1.2'C, 152K6 | ||
| 100 | _aमजूमदार, रमेशचन्द्र | ||
| 245 | 0 | _aप्राचीन भारत मे संघटित जीवन | |
| 246 | _aPrāchīn bhārat me sanghaṭit jīvana | ||
| 260 |
_aमध्य _bप्रदेश सागर विश्वविद्यालय भारत _c1966 |
||
| 300 |
_a380पृ0 _ccm. |
||
| 650 |
_a भारतीय संस्कृति _9157954 |
||
| 650 | _aभारतीय-लोक साहित्य | ||
| 942 |
_hY1:1.2'C, 152K6 _cTEXL _2cc |
||
| 999 |
_c1022772 _d1022772 |
||